• 首页
  • 本馆介绍
  • 公告通知
  • 最新文献
  • 馆藏检索
  • 电子资源
  • 读者导购
  • 参考咨询
  • 我的图书馆
  • 登录
  • 详细信息显示
  • 放入我的书架
  • 预约/预借图书
  • 作者相关作品
  • 分类相关作品
  • 丛书相关作品
  • 出版社相关作品

书目信息

  • 表格格式
  • 工作单格式
  • 卡片格式
题名:
台湾科学教育
    
 
作者: 李济英 编著
分册:  
出版信息: 太原   山西教育出版社  1999.1
页数: 199页
开本: 32开
丛书名: 台湾教育研究丛书
单 册:
中图分类: G527.58-51
科图分类:
主题词: 教育事业--世界
电子资源:
ISBN: 7-5440-1407-X
000 00721nam0 2200229 45
001 0012041505
005 20031219104047.9
010    @a7-5440-1407-X@dCNY8.10
100    @a20001204d1999 km y0chiy0120 ea
101 0  @achi
105    @a z 000yy
200 1  @a台湾科学教育@ATai Wan Ke Xue Jiao Yu@f李济英编著@FLi Ji Ying Bian Zhu
210    @a太原@c山西教育出版社@d1999.1
215    @a199页@d32开
225    @a台湾教育研究丛书@f张学书,曲士培主编
410    @12001 @a台湾教育研究丛书
410    @1700 0@a曲士培@AQu Shi Pei@4主编@a张学书@AZhang Xue Shu@4主编
606 0  @a教育事业@y世界
690    @aG527.58-51@v1
701  0 @a李济英@4编著
801    @aCN@bTSTC@c20001204
905    @b293604-608@dG527.58-51@e54:3@f5
    
    台湾科学教育/李济英编著.-太原:山西教育出版社,1999.1
    199页;32开.-(台湾教育研究丛书/张学书,曲士培主编)
    
    
    ISBN 7-5440-1407-X:CNY8.10
    
●
相关链接 在E读中查询图书 在五车中查询图书 在当当中查询图书 在豆瓣中查询图书


正题名:台湾科学教育     索取号:G527.58-51/54:3         预约/预借

序号 登录号 条形码 馆藏地/架位号 状态 备注
1 0293604   002936041   密集书库/ [索取号:G527.58-51/54:3] 在馆    
2 0293605   002936050   第四借阅区/ [索取号:G527.58-51/54:3] 在馆    
3 0293606   002936069   密集书库/ [索取号:G527.58-51/54:3] 在馆    
4 0293607   002936078   第四借阅区/ [索取号:G527.58-51/54:3] 在馆    
5 0293608   002936087   第一样本阅览室/ [索取号:G527.58-51/54:3] 在馆    
唐山师范学院图书馆 欢迎您!
大连网信软件有限公司© 版权所有